Englische Abkürzungen Quiz - Statistiken

Allgemein
  • Dieses Quiz wurde 770 mal gespielt
  • Das Durchschnittsergebnis liegt bei 10 aus 15
Antwortstatistiken
abbreviation advertised % Korrekt
Pls Please
99%
Thx Thanks
99%
Wdym? What do you mean
93%
Btw By the way
90%
Hi Hello
79%
Nvm Nevermind
78%
Tysm Thank you so much
77%
Diy Do it yourself
70%
Omw On my way
68%
Afk Away from keyboard
66%
Brb Be right back
58%
Aka Also known as
52%
Pc Personal computer
39%
PE physical education
32%
Tgif Thank god its Friday
17%
Keine übereinstimmenden Quizze gefunden
Verteilung der Resultate
Anzahl Personen mit jedem Resultat
Perzentil nach korrekt beantworteten Fragen
Ihre Resultats-Entwicklung
Sie haben dieses Quiz noch nicht gespielt